[Event "BRA-ch 88th"]
[Site "Recife"]
[Date "2022.12.23"]
[Round "11"]
[White "Lima, Luiz Alexandre de S"]
[Black "Trindade, Ewerton de Lima"]
[Result "1-0"]
[WhiteElo "1796"]
[BlackElo "1800"]
[PlyCount "79"]
[EventDate "2022.12.15"]
[EventType "swiss"]
[EventRounds "11"]
[EventCountry "BRA"]
[SourceTitle "CBM 212 Extra"]
[Source "ChessBase"]
[SourceDate "2023.03.31"]
[SourceVersion "1"]
[SourceVersionDate "2023.03.31"]
[SourceQuality "1"]

1. e4 c5 2. Nf3 g6 3. Bc4 Nc6 4. d4 cxd4 5. Nxd4 Bg7 6. Nxc6 bxc6 7. Qf3 e6 8. 0-0 d5 9. exd5 cxd5 10. Nc3 Bd7 11. Nxd5 Rc8 12. Ne3 Nf6 13. Rd1 0-0 14. Bd2 Bc6 15. Qe2 Qc7 16. Bc3 Ne4 17. Bxg7 Kxg7 18. Bd3 Ng5 19. Qg4 Qe5 20. h4 h5 21. Qxg5 Qxb2 22. Nc4 Qf6 23. Ne5 Qxg5 24. hxg5 Ba4 25. Nc4 Rfd8 26. Ne3 Rc5 27. f4 Rd4 28. g3 h4 29. Kf2 hxg3+ 30. Kxg3 e5 31. f5 e4 32. Be2 Rxd1 33. f6+ Kh7 34. Rxd1 Rxg5+ 35. Kf4 Ra5 36. Bc4 g5+ 37. Kxe4 Bc6+ 38. Kd4 Kg6 39. Rf1 Bd7 40. Kd3 1-0

[Event "BRA-ch 88th"]
[Site "Recife"]
[Date "2022.12.21"]
[Round "9"]
[White "Goldenbrain, Luiz Glaudivan Silv"]
[Black "Trindade, Ewerton de Lima"]
[Result "1-0"]
[WhiteElo "1600"]
[BlackElo "1800"]
[PlyCount "45"]
[EventDate "2022.12.15"]
[EventType "swiss"]
[EventRounds "11"]
[EventCountry "BRA"]
[SourceTitle "CBM 212 Extra"]
[Source "ChessBase"]
[SourceDate "2023.03.31"]
[SourceVersion "1"]
[SourceVersionDate "2023.03.31"]
[SourceQuality "1"]

1. e4 c5 2. b4 e6 3. Bb2 Qb6 4. b5 Nf6 5. Nf3 Be7 6. Nc3 a6 7. Rb1 axb5 8. Nxb5 Nc6 9. Bxf6 Qd8 10. Nd6+ Kf8 11. Bxe7+ Nxe7 12. Ne5 Rg8 13. Nexf7 Qc7 14. Qf3 Nf5 15. exf5 Ke7 16. Bc4 b5 17. Bxb5 Rxa2 18. fxe6 dxe6 19. 0-0 Rf8 20. Qh5 h6 21. Rfe1 Rxc2 22. Qg6 Rxd2 23. Nf5# 1-0

[Event "BRA-ch 88th"]
[Site "Recife"]
[Date "2022.12.19"]
[Round "7"]
[White "Trindade, Ewerton de Lima"]
[Black "Da Silva Junior, Emanuel Tavares"]
[Result "1/2-1/2"]
[WhiteElo "1800"]
[BlackElo "1519"]
[PlyCount "63"]
[EventDate "2022.12.15"]
[EventType "swiss"]
[EventRounds "11"]
[EventCountry "BRA"]
[SourceTitle "CBM 212 Extra"]
[Source "ChessBase"]
[SourceDate "2023.03.31"]
[SourceVersion "1"]
[SourceVersionDate "2023.03.31"]
[SourceQuality "1"]

1. c4 Nf6 2. g3 g6 3. Nc3 Bg7 4. Bg2 d6 5. e4 c5 6. Nge2 e5 7. d3 0-0 8. 0-0 Nc6 9. h3 Be6 10. Nd5 h6 11. Nec3 Nd4 12. a3 Nxd5 13. cxd5 Bd7 14. f4 f5 15. Ne2 Nxe2+ 16. Qxe2 Kh7 17. fxe5 Bxe5 18. Bf4 Qf6 19. Rab1 a6 20. b4 cxb4 21. Rxb4 b5 22. Bxe5 Qxe5 23. Qe3 a5 24. Rbb1 Rfc8 25. d4 Qg7 26. e5 Rab8 27. e6 Re8 28. Rfc1 Rbc8 29. Qd2 Rxc1+ 30. Rxc1 Bc8 31. Kh2 Qa7 32. g4 1/2-1/2